000
00281nam a22001337a 4500
020
_a
9789356348844
082
_a
300
_b
OSW/S
245
_a
CLASS IX, SOCIAL SCIENCE
250
_a
19
260
_a
AGRA
_b
OSWALL BOOKS
300
_a
232
650
_a
QUESTION BANK
_z
DELHI
942
_c
BK
999
_c
6885
_d
6885